| 000 | 00797nam a22002657a 4500 | ||
|---|---|---|---|
| 001 | BR7301257 | ||
| 003 | BR-BrBNA | ||
| 005 | 20230928083853.0 | ||
| 007 | ta | ||
| 008 | 230509b bl.||||| |||| 00| 0 por d | ||
| 040 |
_aBR-BrBNA _bpor _cBiblioteca Nacional de Agricultura |
||
| 041 | _a(Por) | ||
| 072 |
_aE70 _b9910 _b2120 |
||
| 090 | _ 9910 BR7301257 | ||
| 110 | 1 |
_aComissao de Comemoracoes do Centenario do Parana, Curitiba (Brasil) _91969 |
|
| 245 | 1 | _aExposicao Internacional do cafe | |
| 260 | 3 |
_aCuritiba, PR (Brasil): _c1953. |
|
| 300 | _avp. | ||
| 500 | _a(*) Documento disponível no(a) Instituto Brasileiro do Cafe, Rio de Janeiro, RJ | ||
| 650 | _aCOMERCIALIZACAO | ||
| 650 | _aCAFE | ||
| 650 | _aEXPOSICAO AGRICOLA | ||
| 909 |
_a202309 _bLucia _c55 _dLucia Elande |
||
| 942 | _cBK | ||
| 999 |
_c15612 _d15612 |
||